01419nam a2200205Ia 4500008004100000020001500041050002700056100003100083240003600114245010300150250001900253260003500272300003500307500004300342505067700385650003701062650003801099700003701137700003901174120625s2006 mx 001 0 spa d a9706864962 4aHF5415.13 bF4918 20061 aFerrell, O. C. e , autor 10aMarketing Strategy lEspañol 10aEstrategia de marketing c / O. C. Ferrell, Michael D. Hartline ; traducción Verania de Parres  a3a. edición  aMéxicob : Thomson c , 2006 axx, 628 páginas c ; 26 cm.  aTítulo original: Marketing Strategy 0 aMarketing en la nueva economía Planeación estratégica de marketing Análisis de situación: recopilación y análisis de la información de marketing Análisis SWOT: un marco de referencia para desarrollar la estrategia de marketing Administración de las relaciones con los clientes Segmentación de mercados, marketing meta y posicionamiento Estrategia de productos Estrategia de precios Administración de las cadenas de distribución y abastecimiento Comunicación de marketing integral Implementación y control del marketing Evaluación del impacto financiero del plan de marketing Ética y responsabilidad social del marketing Casos 4aMERCADOTECNIAxADMINISTRACIÓN  4aMERCADOTECNIAxESTUDIOS DE CASOS 1 aHartline, Michael D. e , autor 1 aParres, Verania de e , traductor